Countries Family Guy has Visited - Statistics

General Stats
  • This quiz has been taken 86 times
    56 since last reset
  • The average score is 14 of 20
Answer Stats
Continent Country % Correct
North America Canada
95%
North America Mexico
93%
Europe Germany
91%
Europe France
88%
Oceania Australia
86%
Asia Japan
84%
North America United States of America
84%
Europe Italy
81%
Asia India
79%
Asia/ Europe Russia
77%
Europe Spain
72%
North America Cuba
65%
Asia South Korea
63%
Europe Ireland
60%
Asia Israel
49%
Europe Poland
47%
North America Bahamas
42%
Asia Vietnam
42%
Asia North Korea
35%
Asia Nepal
30%
No matching quizzes found
Score Distribution
Percent of People with Each Score
Percentile by Number Answered
Your Score History
You have not taken this quiz since the last reset